Lady Macbeth

Պահպանված է:
Մատենագիտական մանրամասներ
Հիմնական հեղինակ: Susan Fraser King
Ձևաչափ: Գիրք
Լեզու:Undetermined
Հրապարակվել է: Harlequin Mondatori
Ցուցիչներ: Ավելացրեք ցուցիչ
Չկան պիտակներ, Եղեք առաջինը, ով նշում է այս գրառումը!

MARC

LEADER 00000nam a2200000Ia 4500
001 R-777
003 CODICE-MESSINA
005 20260212102457.0
008 260211s9999 xx 000 0 und d
040 |c importazione_messina 
100 |a Susan Fraser King 
245 0 |a Lady Macbeth 
260 |b Harlequin Mondatori 
942 |2 ddc  |c BK 
952 |0 0  |1 0  |2 ddc  |4 0  |6 SCAFFALE_7_000000000000000__ROMANZI  |7 0  |9 31604  |a ME  |b ME  |d 2026-02-11  |l 0  |o SCAFFALE 7 - ROMANZI  |p R-777  |r 2026-02-11 23:52:39  |w 2026-02-11  |x [REVISIONARE]  |y BK 
999 |c 27269  |d 27269